Evaluation of the surgical and Non - surgical modalities for management of recurrent horizontal strabismus / (رقم التسجيلة. 77599)

تفاصيل مارك
000 -LEADER
fixed length control field 014160000a22003370004500
003 - CONTROL NUMBER IDENTIFIER
control field EG-GICUC
005 - DATE AND TIME OF LATEST TRANSACTION
control field 20250223032553.0
008 - FIXED-LENGTH DATA ELEMENTS--GENERAL INFORMATION
fixed length control field 070324s2002 ua h f m 000 0 eng d
040 ## - CATALOGING SOURCE
Original cataloging agency EG-GICUC
Language of cataloging eng
Transcribing agency EG-GICUC
041 0# - LANGUAGE CODE
Language code of text/sound track or separate title Eng
049 ## - LOCAL HOLDINGS (OCLC)
Holding library Deposite
097 ## - Thesis Degree
Thesis Level Ph.D
099 ## - LOCAL FREE-TEXT CALL NUMBER (OCLC)
Classification number Cai01.11.24.Ph.D.2002.Na.E
100 0# - MAIN ENTRY--PERSONAL NAME
Personal name Nahla Hussein Abd El wahab
245 10 - TITLE STATEMENT
Title Evaluation of the surgical and Non - surgical modalities for management of recurrent horizontal strabismus /
Statement of responsibility, etc. Nahla Hussein Abd El wahab ; Supervised Mahmoud Ahmed Heshamt AbouSteit , Mohsen Emad Eldin Salem , Lobna Mohamed Ragab Khazbak
246 15 - VARYING FORM OF TITLE
Title proper/short title تقييم الاساليب الجراحية والغير جراحية فى علاج الحول الافقى المرتجع
260 ## - PUBLICATION, DISTRIBUTION, ETC.
Place of publication, distribution, etc. Cairo :
Name of publisher, distributor, etc. Nahla Hussein Abd El wahab ,
Date of publication, distribution, etc. 2002
300 ## - PHYSICAL DESCRIPTION
Extent 188P :
Other physical details facsimiles ;
Dimensions 25cm
502 ## - DISSERTATION NOTE
Dissertation note Thesis (PH.D.) - Cairo University - Faculty Of Medicine - Department Of Ophthalmology
530 ## - ADDITIONAL PHYSICAL FORM AVAILABLE NOTE
Additional physical form available note Issued also as CD
653 #4 - INDEX TERM--UNCONTROLLED
Uncontrolled term Consecutive exotropia
653 #4 - INDEX TERM--UNCONTROLLED
Uncontrolled term Residual esotropia
653 #4 - INDEX TERM--UNCONTROLLED
Uncontrolled term Undercorrections exotropia
700 0# - ADDED ENTRY--PERSONAL NAME
Personal name Lobna Mohamed Ragab Khazbak ,
Relator term
700 0# - ADDED ENTRY--PERSONAL NAME
Personal name Mahmoud Ahmed Heshamt AbouSteit ,
Relator term
700 0# - ADDED ENTRY--PERSONAL NAME
Personal name Mohsen Emad Eldin Salem ,
Relator term
856 ## - ELECTRONIC LOCATION AND ACCESS
Uniform Resource Identifier <a href="http://172.23.153.220/th.pdf">http://172.23.153.220/th.pdf</a>
905 ## - LOCAL DATA ELEMENT E, LDE (RLIN)
Cataloger Mustafa
Reviser Revisor
905 ## - LOCAL DATA ELEMENT E, LDE (RLIN)
Cataloger Samia
Reviser Cataloger
942 ## - ADDED ENTRY ELEMENTS (KOHA)
Source of classification or shelving scheme Dewey Decimal Classification
Koha item type Thesis
المقتنيات
Source of classification or shelving scheme Not for loan Home library Current library Date acquired Full call number Barcode Date last seen Koha item type
Dewey Decimal Classification   المكتبة المركزبة الجديدة - جامعة القاهرة قاعة الرسائل الجامعية - الدور الاول 11.02.2024 Cai01.11.24.Ph.D.2002.Na.E 01010110040657000 22.09.2023 Thesis
Dewey Decimal Classification   المكتبة المركزبة الجديدة - جامعة القاهرة مخـــزن الرســائل الجـــامعية - البدروم 11.02.2024 Cai01.11.24.Ph.D.2002.Na.E 01020110040657000 22.09.2023 CD - Rom
Cairo University Libraries Portal Implemented & Customized by: Eng. M. Mohamady Contacts: new-lib@cl.cu.edu.eg | cnul@cl.cu.edu.eg
CUCL logo CNUL logo
© All rights reserved — Cairo University Libraries
CUCL logo
Implemented & Customized by: Eng. M. Mohamady Contact: new-lib@cl.cu.edu.eg © All rights reserved — New Central Library
CNUL logo
Implemented & Customized by: Eng. M. Mohamady Contact: cnul@cl.cu.edu.eg © All rights reserved — Cairo National University Library